00321nam a2200133Ia 4500003000400000008004100004040001600045082002000061245002600081260002800107490000500135650001900140650002800159GCL140319s9999 xx 000 0 ara d aGCL / cGCL04aكاسيتb41910aعالم الصغار a[S.N] : bلا يوجد a04aالاغانى04aشرائط كاسيت